1138 1203 1312 1737 1100 1710 1015 1499 1265 1758 1530 1259 1365 1896 1813 1133 1887 1341 1048 1647 1945 1194 1852 1502 1436 1611 1708 1978 1307 1049 1501 1070 1521 1586 1489 1718 1591 1395 1605 1558 1157 1006 1040 1939 1858 1466 1171 1747 1948 1261 1566 1872 1891 1598 1163 1536 1326 1186 1527 1714 1112 1743 1717 1976 1822 1102 1215 1544 1240 1601 1299 1726 1679 1993 1037 1590 1888 1433 1823 1269 1645 1032 1346 1967 1720 1991 1703 1645 1628 1587 1344 1815 1510 1836 1657 1979 1477 1162 1588 BCNSPRNW ULIB Ver.6.0+V

เปลี่ยนเป็นภาษาไทย

Change to English
 แสดงรายละเอียดบรรณานุกรม
  กลับหน้าหลัก

Brief Record : Get Marc (ISO 2709) : E-mail record : QR code < ปิดหน้าต่าง
LEADER : 00000nam 2200000uu 4500
001    13399123327
003     ULIB
008    140821s2552||||th 000 0 tha d
020    ^a9786169159902 ล.2 ^c330
050  0 BF139^bก281ส
100 0   ^aกฤษณมูรติ, นามแฝง.
245 1   ^aสมองใหม่ = ^bThe Ending of time / ^cกฤษณมูรติ, [นามแฝง], เดวิด โบร์ม, ผู้แปล ; พยับแดด, บรรณาธิการ ; สิรินทร์ ชิดานนท์...[และคนอื่นๆ]
260    ^aสงขลา : ^bมูลนิธิวันวีกษณา, ^c2552
300    ^a2 เล่ม
500    ^aแปลจาก The ending of time 1970
500    ^aมีเนื้อหาเป็นภาษาไทยและภาษาอังกฤษ
650    ^aตนเอง (จิตวิทยา)
650    ^aความขัดแย้ง (จิตวิทยา)
650    ^aเวลา ^xแง่จิตวิทยา.
650    ^aความคิดและการคิด.
650    ^aจักรวาลวิทยา.
700 0   ^aสิรินทร์ ชิดานนท์, ผู้แปล
700 0   ^aพยับแดด, ผู้แปล
700 1   ^aโบฮ์ม, เดวิด.
710 2   ^aมูลนิธิอันวีกษณา.
945    ^p330^l0^i034629
999    ^aเกษร โพธิ์สุวรรณ
รายการนี้ยังไม่มีแท็ก
คุณยังไม่ได้ล็อกอิน คุณสามารถมีกิจกรรมร่วมกับเว็บไซต์ได้ แต่ต้องล็อกอินก่อน ::
  ล็อกอิน

รายการสื่อสารสนเทศ

ลำดับที่ ประเภท เลขเรียก/บาร์โค้ด สถานที่ สถานะ
1. การศึกษาทั่วไป
การศึกษาทั่วไป
BF139 ก281ส ฉ.1 
  Barcode: 034629
ห้องสมุดวิทยาเขตสวรรค์ประชารักษ์
►หนังสือทั่วไป
บนชั้น

รายการใกล้เคียง
    หัวเรื่อง [ตนเอง (จิตวิทยา)]
    หัวเรื่อง [ความขัดแย้ง (จิตวิทยา)]
    หัวเรื่อง [ความคิดและการคิด.]

BibComment


ยังไม่เคยถูกคอมเมนท์

คอมเมนท์ทรัพยากรรายการนี้
  คอมเมนท์: สมองใหม่ The ..


 Copyright 2026. Bcnsprnw @Library